Contra la interpretación / (Record no. 185598)

MARC details
000 -LEADER
campo de control de longitud fija 00797nam a2200241 i 4500
001 - NÚMERO DE CONTROL
campo de control 185598
003 - IDENTIFICADOR DE NÚMERO DE CONTROL
campo de control SpMaBN
005 - FECHA Y HORA DE LA ÚLTIMA TRANSACCIÓN
campo de control 20230906222456.0
008 - DATOS DE LONGITUD FIJA--INFORMACIÓN GENERAL
campo de control de longitud fija 160721s1996 sp |||| | spa d
020 ## - NÚMERO INTERNACIONAL ESTÁNDAR DEL LIBRO
Número Internacional Estándar del Libro 84-204-2859-0
080 ## - NÚMERO DE LA CLASIFICACIÓN DECIMAL UNIVERSAL
Número de la Clasificación Decimal Universal 821.111(73)-4"19"
100 1# - ENTRADA PRINCIPAL--NOMBRE DE PERSONA
Nombre de persona Sontag, Susan.
9 (RLIN) 107309
245 10 - MENCIÓN DEL TÍTULO
Título Contra la interpretación /
Mención de responsabilidad, etc. Susan Sontag ; traducción de Horacio Vázquez Rial.
260 ## - PUBLICACIÓN, DISTRIBUCIÓN, ETC.
Lugar de publicación, distribución, etc. Madrid :
Nombre del editor, distribuidor, etc. Alfaguara,
Fecha de publicación, distribución, etc. [1996]
300 ## - DESCRIPCIÓN FÍSICA
Extensión 390 p. ;
Dimensiones 22 cm.
490 1# - MENCIÓN DE SERIE
Mención de serie Textos de escritor
650 #4 - PUNTO DE ACCESO ADICIONAL DE MATERIA--TÉRMINO DE MATERIA
Término de materia o nombre geográfico como elemento de entrada Crítica literaria-
Subdivisión cronológica S.XX.
9 (RLIN) 11452
650 #4 - PUNTO DE ACCESO ADICIONAL DE MATERIA--TÉRMINO DE MATERIA
Término de materia o nombre geográfico como elemento de entrada Literatura-
Subdivisión cronológica S.XX-
Subdivisión general Historia y crítica.
9 (RLIN) 139829
700 1# - ENTRADA AGREGADA--NOMBRE PERSONAL
Nombre de persona Vázquez Rial, Horacio.
9 (RLIN) 113477
830 0# - PUNTO DE ACCESO ADICIONAL DE SERIE-TÍTULO UNIFORME
Título uniforme Textos de escritor
9 (RLIN) 180002
852 ## - LOCALIZACIÓN
Ubicación ES-MaACL
Número de control de estantería L-30472
Nota libre . - Donat. Miguel A. Velasco
Holdings
Estatus retirado Estado de pérdida Estado de daño No para préstamo Biblioteca de origen Biblioteca actual Ubicación en estantería Fecha de adquisición Fuente de adquisición Total de préstamos Signatura topográfica completa Código de barras Visto por última vez Precio de reemplazo Tipo de ítem Koha
        Biblioteca del Ateneo de Madrid Biblioteca del Ateneo de Madrid Depósito 2 21/07/2016     L-30472 1195635 23/02/2023 23/02/2023 Libro impreso